[Event "Dortmund op-B"]
[Site "Dortmund"]
[Date "2009.07.12"]
[Round "9"]
[White "Lange, Hans Werner"]
[Black "Fechner, Matthias"]
[Result "1-0"]
[WhiteElo "1595"]
[BlackElo "996"]
[PlyCount "47"]
[EventDate "2009.07.04"]
[EventType "swiss"]
[EventRounds "9"]
[EventCountry "GER"]
[SourceTitle "EXT 2012"]
[Source "ChessBase"]
[SourceDate "2011.11.24"]
[SourceVersion "1"]
[SourceVersionDate "2011.11.24"]
[SourceQuality "1"]

1. e4 e6 2. f4 d5 3. e5 c5 4. Nf3 Nc6 5. Bb5 Bd7 6. Bxc6 Bxc6 7. 0-0 Qb6 8. c3 Nh6 9. d4 cxd4 10. Nxd4 Bc5 11. Kh1 Bxd4 12. cxd4 Nf5 13. Nc3 Qxd4 14. Qf3 Qb6 15. Ne2 Bb5 16. Re1 0-0 17. Ng3 Nd4 18. Qf2 Nb3 19. Be3 d4 20. axb3 dxe3 21. Rxe3 Rfd8 22. Nh5 Rd3 23. Qg3 g6 24. Nf6+ 1-0